| 000 | 00825nam a2200229 i 4500 | ||
|---|---|---|---|
| 001 | 187703 | ||
| 003 | ES-MaACL | ||
| 005 | 20230906223017.0 | ||
| 008 | 180126s1985 sp |||| | spa d | ||
| 080 | _a946"17" | ||
| 100 | 1 |
_aSarrailh, Jean. _9103846 |
|
| 245 | 1 | 3 |
_aLa España ilustrada de la segunda mitad del siglo XVIII / _cJean Sarrailh ; [traducción de Antonio Alatorre]. |
| 250 | _a1ª ed. 3ª reimp. | ||
| 260 |
_aMadrid : _bFondo de Cultura Económica, _c1985. |
||
| 300 |
_a784 p. ; _c21 cm. |
||
| 490 | 1 | _aSección de obras de historia | |
| 651 | 4 |
_aEspaña- _xHistoria- _yS.XVIII. _98359 |
|
| 700 | 1 |
_aAlatorre, Antonio. _919169 |
|
| 830 | 0 |
_aSección de obras de historia _9179403 |
|
| 852 |
_aES-MaACL _jL-31868 _z. - Donat. herederos de la bibl. de Mª del Pilar Costa Palacín |
||
| 999 |
_c187703 _d187703 |
||